000 00558nam a2200205Ii 4500
001 15621
003 CO-ViMGA
008 241108s9999||||xx |||||||||||||| ||und||
020 _a9582801468
040 _aCO-ViMGA
_bspa
_erda
_cCO-ViMGA
041 0 _aspa
082 0 4 _a155.34 K15
245 1 0 _aKamasutra
264 1 _aBogotá, Colombia : Printer Colombiana, 1990
300 _avolumen
336 _atext
_btxt
_2rdacontent
337 _aunmediated
_bn
_2rdamedia
338 _avolume
_bnc
_2rdacarrier
940 _aidficha_siabuc: 15305. -- ficha_no_siabuc:15621
999 _c47954
_d47954